000
00262nam a22001217a 4500
082
_a
621.382 SCR'F
100
_a
SCROGGIE, M. G
_9
79919
245
_a
FOUNDATIONS OF WIRELESS
250
_a
5TH
260
_a
LONDON
_b
ILIFFE
_c
1954
300
_a
328P
942
_c
BK
999
_c
584901
_d
584901